LEADER 01231nam a2200265 a 4500 001 000000160704 003 CaOOAMICUS 005 20170516094518.0 008 170516s1969 is m 001 u fre r 032 $aLibriCat 040 $aPUL$bita 100 1 $aCaspar, Robert.$0(OLS)http://pul/name/46380 245 13$aLa foi musulmane selon le Coran :$betude de thèmes et perspectives théologiques /$cauctore Robertus Caspar, P.A. 260 $aJerusalem :$b[s.n.],$c1969. 300 $a72 p. ;$c24 cm. 502 $aEstratto da tesi -- Pontificia Universitas Gregoriana. Facultas theologica. 1969. 504 $aBibliografia in nota. 630 04$aCorano$xCritica e interpretazione.$0(OLS)http://pul/subject/11006 710 2 $aPontificia Università Gregoriana.$bFacoltà di teologia.$kTesi.$0(OLS)http://pul/name/81592 850 $aPUL 852 $aPUL$W1$xDP1 Tesi Pon. Univ. Gregoriana$y40$mTH PUG 2065$j184466$qTesi$B187670$CPULBib$Z2$F187670 $H33558 $82 941 1 $a16 996 $6245$aLa foi musulmane selon le Coran :$betude de thèmes et perspectives théologiques$9(OLS)http://pul/title/200415 996 $6260$aJerusalem :$b[s.n.]$9(OLS)http://pul/publisher/69878 LEADER 01430nam a2200277 a 4500 001 000000162161 003 CaOOAMICUS 005 20170721110953.0 008 170721s1988 it m 001 u eng r 032 $aLibriCat 040 $aPUL$bita 100 1 $aAreeplackal, Joseph.$0(OLS)http://pul/name/103983 245 14$aThe pneumatological dimension of ordained ministry as presented by Yves Congar and John Zizloulas /$cauctore Joseph Areeplackal, C.M.I. 260 $aRoma :$bPontificia Università Gregoriana,$c1988. 300 $axviii, 302 p. ;$c24 cm. 502 $aEstratto da tesi -- Pontificia Universitas Gregoriana. Facultas theologiae. 1988. 504 $aBibliografia in nota. 600 14$aZizioulas, Ioannis,$d1931-2023.$0(OLS)http://pul/subject/44789 600 14$aCongar, Yves,$ccard.,$d1904-1995$xCritica e interpretazione.$0(OLS)http://pul/subject/5256 710 2 $aPontificia Università Gregoriana.$bFacoltà di teologia.$kTesi.$0(OLS)http://pul/name/81592 850 $aPUL 852 $aPUL$W1$xDP1 Tesi Pon. Univ. Gregoriana$y40$mTH PUG 3506$j186146$qTesi$B189367$CPULBib$Z2$F189367 $H59991 $82 941 1 $a16 996 $6245$aThe pneumatological dimension of ordained ministry as presented by Yves Congar and John Zizloulas$9(OLS)http://pul/title/201926 996 $6260$aRoma :$bPontificia Università Gregoriana$9(OLS)http://pul/publisher/47853